| 000 | 01177njm a22002657a 4500 | ||
|---|---|---|---|
| 005 | 20100908152936.0 | ||
| 007 | sd ammalaaahaa | ||
| 008 | 100908t xxu||||| |||| 00| 0 hin d | ||
| 028 |
_aGE. 33588 _bColumbia |
||
| 035 | _aGR-01405 | ||
| 040 | _aSED/VEN | ||
| 100 |
_aMohamad Rafi _91184 |
||
| 245 |
_aRajkumar : _bhindustani / _cby Mohamed Rafi & Asha ; music by Shankar Jaikishan ; lyric by Hasrat Jaipuri |
||
| 246 | _aराजकुमार ( मोहमद रफ़ी और आशा ) | ||
| 260 |
_aDum Dum, India _bColumbia _c1964 |
||
| 300 |
_a1 sound disc [Gramophone record] : _banalog, 33. 1/3 rpm _c10 in. _fGramophone record |
||
| 500 | _aBrief record. | ||
| 505 |
_aTumne kisi ki jaan ko तुमने किसी की जान को (Mohamed Rafi) Part 1 ,Dilruba dil pe tu yha दिलरुबा दिल पे तू यह ( Mohamed Rafi & Asha) Part 2 _r |
||
| 650 |
_aClassical Music _xExcerpts _zIndia _918995 |
||
| 700 |
_aBhosle, Asha _918996 |
||
| 700 |
_aShankar Jaikishan _918997 |
||
| 700 |
_aHasrat Jaikishan _918998 |
||
| 942 |
_2ddc _cGR |
||
| 999 |
_c44598 _d44598 |
||